[Event "St Louis Summer A"]
[Site "Saint Louis USA"]
[Date "2018.05.15"]
[Round "1.1"]
[White "Zherebukh, Yaroslav"]
[Black "Bok, Benjamin"]
[Result "1/2-1/2"]
[WhiteTitle "GM"]
[BlackTitle "GM"]
[WhiteElo "2633"]
[BlackElo "2636"]
[WhiteFideId "14116804"]
[BlackFideId "1017063"]
[EventDate "2018.05.15"]

1. Nf3 d5 2. g3 c6 3. Bg2 Bg4 4. O-O Nd7 5. h3 Bh5 6. d4 e6 7. c4 Be7 8. Nc3
dxc4 9. g4 Bg6 10. e4 Ngf6 11. Qe2 b5 12. Nh4 O-O 13. Nxg6 hxg6 14. Be3 e5 15.
Rad1 Qc7 16. f4 exd4 17. Bxd4 Nb6 18. Kh1 b4 19. Nb1 Rad8 20. Be5 Qc8 21. Nd2
Nfd7 22. Bd4 Bc5 23. Nxc4 Qa6 24. b3 Nxc4 25. Ba1 Ndb6 26. bxc4 Qxc4 27. Qb2 f6
28. Rxd8 Rxd8 29. Rc1 Qd3 30. e5 Na4 31. Qb3+ Qxb3 32. axb3 Nc3 1/2-1/2

[Event "St Louis Summer A"]
[Site "Saint Louis USA"]
[Date "2018.05.15"]
[Round "1.2"]
[White "Sevian, Samuel"]
[Black "Prohaszka, Peter2"]
[Result "1-0"]
[WhiteTitle "GM"]
[BlackTitle "GM"]
[WhiteElo "2613"]
[BlackElo "2613"]
[WhiteFideId "2040506"]
[BlackFideId "726265"]
[EventDate "2018.05.15"]

1. e4 e5 2. Nf3 Nc6 3. Bb5 Nf6 4. O-O Nxe4 5. d4 Nd6 6. Bxc6 dxc6 7. dxe5 Nf5 8.
Qxd8+ Kxd8 9. h3 Bd7 10. Rd1 Kc8 11. a4 Be7 12. a5 h6 13. g4 Nh4 14. Nxh4 Bxh4
15. Nc3 Rd8 16. f4 Rb8 17. Be3 b6 18. Bf2 Be7 19. Rd3 Kb7 20. f5 Be8 21. a6+ Ka8
22. Rad1 Rxd3 23. Rxd3 Rc8 24. Kg2 Kb8 25. Kf3 c5 26. Nd5 Bf8 27. c4 c6 28. Nc3
Kc7 29. e6 Bd6 30. Ne4 Be5 31. e7 Bd7 32. Bg3 Bxg3 33. Kxg3 f6 34. Nd6 Rh8 35.
Kh4 Be8 36. Rd2 Rg8 37. Nb7 Bd7 38. Nd8 Re8 39. Re2 Rg8 40. Ne6+ Bxe6 41. Rxe6
Kd7 42. Kh5 1-0

[Event "St Louis Summer A"]
[Site "Saint Louis USA"]
[Date "2018.05.15"]
[Round "1.3"]
[White "Fridman, Daniel"]
[Black "Durarbayli, Vasif"]
[Result "0-1"]
[WhiteTitle "GM"]
[BlackTitle "GM"]
[WhiteElo "2636"]
[BlackElo "2618"]
[WhiteFideId "11600454"]
[BlackFideId "13402935"]
[EventDate "2018.05.15"]

1. d4 Nf6 2. c4 g6 3. Nc3 d5 4. Nf3 Bg7 5. e3 O-O 6. Bd2 Nc6 7. h3 dxc4 8. Bxc4
b6 9. O-O Bb7 10. Qe2 Na5 11. Ba6 c5 12. dxc5 Bxf3 13. gxf3 bxc5 14. Rfd1 c4 15.
Bxc4 Qc8 16. Ba6 Qxh3 17. b4 Nc6 18. Bb7 Rac8 19. Qf1 Qh5 20. b5 Ne5 21. f4 Nf3+
22. Bxf3 Qxf3 23. Qg2 Qh5 24. Be1 Rc5 25. Rab1 e5 26. Nd5 Rxb5 27. a4 Rxd5 28.
Rxd5 Nxd5 29. Qxd5 Qg4+ 30. Qg2 Qf5 31. Rb5 a6 32. Rb4 exf4 33. exf4 Re8 34. Bd2
Rd8 35. Be1 Rd1 36. Qa8+ Bf8 37. Re4 Qg4+ 38. Kf1 Qh3+ 39. Kg1 Qf3 40. Qe8 h5
41. Rc4 h4 42. Kh2 h3 43. Qe4 Qg2+ 44. Qxg2 hxg2 45. Re4 f5 46. Re6 Kf7 47. Rxa6
Rxe1 48. Kxg2 Ra1 49. a5 Bc5 50. Kg3 Ra2 51. f3 Bf2+ 52. Kh3 Be3 53. Kg3 Kg7 54.
Ra8 Bg1 0-1

[Event "St Louis Summer A"]
[Site "Saint Louis USA"]
[Date "2018.05.15"]
[Round "1.4"]
[White "Indjic, Aleksandar"]
[Black "Akobian, Varuzhan"]
[Result "0-1"]
[WhiteTitle "GM"]
[BlackTitle "GM"]
[WhiteElo "2600"]
[BlackElo "2647"]
[WhiteFideId "911925"]
[BlackFideId "13300580"]
[EventDate "2018.05.15"]

1. d4 Nf6 2. c4 e6 3. Nc3 Bb4 4. Nf3 b6 5. e3 Bb7 6. Bd3 Ne4 7. O-O f5 8. Ne2
Bd6 9. Nd2 Nf6 10. f3 c5 11. b3 Nc6 12. Bb2 Qc7 13. h3 cxd4 14. exd4 Nh5 15. Nb1
O-O 16. Na3 a6 17. Nc2 Rae8 18. Qd2 Ne7 19. Ba3 Bxa3 20. Nxa3 Ng6 21. Nc2 Rf6
22. Kh1 h6 23. Qe3 e5 24. g4 fxg4 25. hxg4 Nhf4 26. d5 Nxd3 27. Qxd3 Ref8 28.
Ng3 Nh4 29. Ne1 d6 30. a4 Bc8 31. Ra2 Rf4 32. Rh2 Qe7 33. Kg1 e4 34. fxe4 Qg5
35. Rhf2 Rxf2 36. Rxf2 Rxf2 37. Kxf2 Qf4+ 38. Kg1 Bxg4 39. Ng2 Nf3+ 40. Kf2 Qc1
41. Ne2 Qb2 42. Qc3 Qb1 43. Kg3 Ne5 44. Nef4 Qxe4 45. Qe3 Qxe3+ 46. Nxe3 Bd7 47.
Ne6 g6 48. Nc7 Bc8 49. Ne8 Nf7 50. Nc7 Bb7 51. Ng4 Kf8 52. Nf6 Ne5 53. Ne6+ Kf7
54. Ng4 Nxg4 55. Nd8+ Ke7 56. Nxb7 Nf6 57. a5 Ne4+ 58. Kg2 Nc5 59. b4 Nxb7 60.
b5 Nc5 0-1

[Event "St Louis Summer A"]
[Site "Saint Louis USA"]
[Date "2018.05.15"]
[Round "1.5"]
[White "Xiong, Jeffery"]
[Black "Jumabayev, Rinat"]
[Result "1-0"]
[WhiteTitle "GM"]
[BlackTitle "GM"]
[WhiteElo "2665"]
[BlackElo "2621"]
[WhiteFideId "2047640"]
[BlackFideId "13702661"]
[EventDate "2018.05.15"]

1. d4 d5 2. c4 c6 3. Nf3 Nf6 4. cxd5 cxd5 5. Nc3 Nc6 6. Bf4 a6 7. Rc1 Bf5 8. e3
e6 9. Qb3 Ra7 10. Be2 Be7 11. O-O O-O 12. Na4 Nd7 13. h3 Na5 14. Qc3 Nc4 15. b3
Nd6 16. Nc5 Nxc5 17. dxc5 Ne4 18. Qd4 Ra8 19. b4 f6 20. Rfd1 e5 21. Nxe5 fxe5
22. Qxe5 Qe8 23. Qxd5+ Kh8 24. Bg4 Bxg4 25. hxg4 Bf6 26. Qc4 h6 27. Rd3 Bg5 28.
Rd4 Nf6 29. Bxg5 hxg5 30. Rcd1 Qe7 31. a4 Rad8 32. b5 Rxd4 33. Rxd4 axb5 34.
axb5 Ra8 35. c6 bxc6 36. bxc6 Qc7 37. g3 Re8 38. Kh2 Kh7 39. Qc2+ Kg8 40. Qc4+
Kh8 41. Kg1 Kh7 42. Qb5 Re5 43. Qd3+ Kh6 44. Rd8 Re4 45. Rd6 Ra4 46. Kg2 Ra2 47.
Qd1 Rxf2+ 48. Kxf2 1-0

[Event "St Louis Summer A"]
[Site "Saint Louis USA"]
[Date "2018.05.16"]
[Round "2.1"]
[White "Durarbayli, Vasif"]
[Black "Indjic, Aleksandar"]
[Result "1-0"]
[WhiteTitle "GM"]
[BlackTitle "GM"]
[WhiteElo "2618"]
[BlackElo "2600"]
[WhiteFideId "13402935"]
[BlackFideId "911925"]
[EventDate "2018.05.15"]

1. e4 c6 2. d4 d5 3. e5 c5 4. dxc5 e6 5. Be3 Nd7 6. f4 Bxc5 7. Bxc5 Nxc5 8. Nc3
Ne7 9. Qd4 b6 10. O-O-O O-O 11. Nf3 Bd7 12. Bd3 Rc8 13. Kb1 Qc7 14. Qf2 Nxd3 15.
cxd3 Qc5 16. Qd2 b5 17. Rc1 Qb6 18. Ne2 b4 19. Ned4 a5 20. Rxc8 Rxc8 21. Rc1
Rxc1+ 22. Kxc1 Ba4 23. Qe3 Nf5 24. Qg1 g5 25. Kd2 Nxd4 26. Nxd4 gxf4 27. Qf2 Bd7
28. Qxf4 a4 29. h4 a3 30. b3 Qc5 31. Ne2 Qe7 32. Qh6 Bb5 33. g3 Qd8 34. h5 Qf8
35. Qxf8+ Kxf8 36. Nd4 Bd7 37. Ke3 Kg7 38. Kf4 Kh6 39. g4 Be8 40. Nc2 Bb5 41.
Nxb4 d4 42. Nc2 Bxd3 43. Nxa3 1-0

[Event "St Louis Summer A"]
[Site "Saint Louis USA"]
[Date "2018.05.16"]
[Round "2.2"]
[White "Akobian, Varuzhan"]
[Black "Xiong, Jeffery"]
[Result "1-0"]
[WhiteTitle "GM"]
[BlackTitle "GM"]
[WhiteElo "2647"]
[BlackElo "2665"]
[WhiteFideId "13300580"]
[BlackFideId "2047640"]
[EventDate "2018.05.15"]

1. d4 Nf6 2. c4 g6 3. Nc3 d5 4. Nf3 Bg7 5. cxd5 Nxd5 6. e4 Nxc3 7. bxc3 c5 8.
Be3 Qa5 9. Qd2 O-O 10. Rc1 Nd7 11. d5 Nf6 12. c4 Qxd2+ 13. Nxd2 b6 14. f3 e6 15.
Kf2 Nd7 16. f4 e5 17. g3 f5 18. exf5 Nf6 19. Bh3 Bxf5 20. Bxf5 gxf5 21. h3 Rae8
22. fxe5 Ne4+ 23. Nxe4 fxe4+ 24. Ke2 Bxe5 25. Rcf1 h5 26. Bf4 Rf5 27. a4 e3 28.
Bxe3 Rxf1 29. Rxf1 Bxg3 30. Kd3 h4 31. Rf3 Re7 32. Bf4 Bxf4 33. Rxf4 Re1 34.
Rxh4 Rd1+ 35. Ke3 Re1+ 36. Kd3 Rd1+ 37. Ke3 Re1+ 38. Kf4 Kf7 39. Kf5 1-0

[Event "St Louis Summer A"]
[Site "Saint Louis USA"]
[Date "2018.05.16"]
[Round "2.3"]
[White "Bok, Benjamin"]
[Black "Jumabayev, Rinat"]
[Result "1/2-1/2"]
[WhiteTitle "GM"]
[BlackTitle "GM"]
[WhiteElo "2636"]
[BlackElo "2621"]
[WhiteFideId "1017063"]
[BlackFideId "13702661"]
[EventDate "2018.05.15"]

1. Nf3 d5 2. g3 g6 3. Bg2 Bg7 4. d4 Nf6 5. O-O O-O 6. c4 c6 7. Nbd2 a5 8. b3 a4
9. Ba3 Re8 10. e3 Nbd7 11. Bb2 b5 12. Ne5 Qb6 13. c5 Qb7 14. Nd3 Nf8 15. Nb4 Bf5
16. h3 h5 17. f3 Bh6 18. Qe2 axb3 19. axb3 Rxa1 20. Rxa1 Ra8 21. Nf1 Be6 22. Qe1
N8d7 23. Rxa8+ Qxa8 24. Qa1 Qxa1 25. Bxa1 Nb8 26. Bc3 Ne8 27. g4 hxg4 28. hxg4
Nc7 29. Kf2 f6 30. Bh3 Kf7 31. Nd3 Bg7 32. Ng3 Nca6 33. Ne2 Bc8 34. Nec1 Nd7 35.
Na2 e5 36. Nab4 Nxb4 37. Nxb4 Nb8 38. Bg2 Bb7 39. Nd3 Nd7 40. Ke2 exd4 41. Bxd4
Bf8 42. b4 Bc8 43. f4 Bg7 44. Kf3 Nb8 45. Kg3 Na6 46. Bh3 Bd7 47. f5 gxf5 48.
gxf5 Bh6 49. Kf3 Ke7 50. Bc3 Be8 51. Bg4 Nb8 52. Bd4 1/2-1/2

[Event "St Louis Summer A"]
[Site "Saint Louis USA"]
[Date "2018.05.16"]
[Round "2.4"]
[White "Prohaszka, Peter2"]
[Black "Fridman, Daniel"]
[Result "1/2-1/2"]
[WhiteTitle "GM"]
[BlackTitle "GM"]
[WhiteElo "2613"]
[BlackElo "2636"]
[WhiteFideId "726265"]
[BlackFideId "11600454"]
[EventDate "2018.05.15"]

1. d4 d5 2. c4 e6 3. Nf3 Nf6 4. g3 dxc4 5. Bg2 c5 6. O-O Nc6 7. dxc5 Qxd1 8.
Rxd1 Bxc5 9. Nfd2 Na5 10. Na3 Bxa3 11. bxa3 Bd7 12. Bb2 Rc8 13. Bc3 b6 14. Rdc1
O-O 15. Bxa5 bxa5 16. Nxc4 Bb5 17. Nxa5 Bxe2 18. Nc6 Rc7 19. Nd4 Rxc1+ 20. Rxc1
Bd3 21. Nc6 a6 22. a4 h6 23. Nb4 Be2 24. Bb7 Rb8 25. Rc8+ Rxc8 26. Bxc8 a5 27.
Nc6 Nd5 28. Nxa5 Nb6 29. Bb7 Nxa4 30. Bc6 Nc3 31. a3 Kf8 32. f4 Ke7 33. Kf2 Kd6
34. Be8 f5 35. Ke3 Ba6 36. Nb3 g5 37. Kd4 Ne2+ 38. Ke3 Nc3 39. Kd4 Ne2+ 1/2-1/2

[Event "St Louis Summer A"]
[Site "Saint Louis USA"]
[Date "2018.05.16"]
[Round "2.5"]
[White "Zherebukh, Yaroslav"]
[Black "Sevian, Samuel"]
[Result "1/2-1/2"]
[WhiteTitle "GM"]
[BlackTitle "GM"]
[WhiteElo "2633"]
[BlackElo "2613"]
[WhiteFideId "14116804"]
[BlackFideId "2040506"]
[EventDate "2018.05.15"]

1. a3 e5 2. c3 d5 3. d4 Nd7 4. dxe5 Nxe5 5. Nf3 Nxf3+ 6. exf3 c6 7. Bd3 Bd6 8.
O-O Qc7 9. g3 Ne7 10. Re1 h5 11. c4 h4 12. f4 hxg3 13. hxg3 Be6 14. f5 Bd7 15.
Qf3 O-O-O 16. cxd5 Nxd5 17. Nd2 c5 18. Ne4 Bc6 19. Bg5 Be7 20. Bd2 Nf6 21. Bc3
Rh6 22. Rac1 Rdh8 23. Bxf6 Bxf6 24. Rxc5 Rh1+ 25. Qxh1 Rxh1+ 26. Kxh1 Bxe4+ 27.
Rxe4 Qxc5 28. Rc4 Qxc4 29. Bxc4 Bxb2 30. a4 f6 31. Kg2 Kc7 32. Kf3 Bd4 33. Ke2
Kc6 34. f3 Kc5 35. Kd3 Be5 36. g4 Kb4 37. Bb5 a6 38. Bd7 Kc5 39. Be8 Kd6 40. Bf7
b5 41. axb5 axb5 1/2-1/2

[Event "St Louis Summer A"]
[Site "Saint Louis USA"]
[Date "2018.05.17"]
[Round "3.1"]
[White "Sevian, Samuel"]
[Black "Bok, Benjamin"]
[Result "1-0"]
[WhiteTitle "GM"]
[BlackTitle "GM"]
[WhiteElo "2613"]
[BlackElo "2636"]
[WhiteFideId "2040506"]
[BlackFideId "1017063"]
[EventDate "2018.05.15"]

1. d4 Nf6 2. c4 e6 3. g3 Bb4+ 4. Bd2 Be7 5. Bg2 d5 6. Nf3 O-O 7. O-O c6 8. Qc2
Nbd7 9. Rd1 b6 10. b3 a5 11. Bc3 Ne4 12. Bb2 f5 13. Nc3 Ba6 14. e3 Rc8 15. Rac1
Bd6 16. Ne2 Qe7 17. Nf4 Rfd8 18. Qb1 Bb7 19. Rc2 Nef6 20. Ne5 Bb8 21. Nxd7 Nxd7
22. Nd3 Bd6 23. Qc1 h5 24. Nf4 g5 25. Nd3 h4 26. Ne5 hxg3 27. hxg3 Nxe5 28. dxe5
Bb8 29. cxd5 exd5 30. e6 Qxe6 31. e4 f4 32. exd5 cxd5 33. Rxc8 Rxc8 34. Qd2 Re8
35. Bxd5 Qxd5 36. Qxd5+ Bxd5 37. Rxd5 fxg3 38. Rxg5+ Kf7 39. fxg3 Re2 40. Rf5+
Kg6 41. Rf2 Re3 42. Rf6+ Kg5 43. Rf8 Re2 44. Bf6+ Kg4 45. Rxb8 Kxg3 46. Bc3 Rxa2
47. Rxb6 Kf3 48. Rb5 a4 49. b4 Rg2+ 50. Kf1 Rc2 51. Rc5 Ke4 52. Be1 Ra2 53. b5
Rb2 54. Bc3 Rc2 55. b6 a3 56. b7 Rc1+ 57. Ke2 Rb1 58. Rc4+ Kd5 59. Rb4 1-0

[Event "St Louis Summer A"]
[Site "Saint Louis USA"]
[Date "2018.05.17"]
[Round "3.2"]
[White "Fridman, Daniel"]
[Black "Zherebukh, Yaroslav"]
[Result "1/2-1/2"]
[WhiteTitle "GM"]
[BlackTitle "GM"]
[WhiteElo "2636"]
[BlackElo "2633"]
[WhiteFideId "11600454"]
[BlackFideId "14116804"]
[EventDate "2018.05.15"]

1. Nf3 Nf6 2. c4 e6 3. g3 d5 4. d4 dxc4 5. Bg2 Nc6 6. Qa4 Bb4+ 7. Nc3 Nd7 8. O-O
Nb6 9. Qc2 Be7 10. Rd1 O-O 11. e4 Bd7 12. Qe2 Qc8 13. Bf4 Bd6 14. Be3 e5 15.
dxe5 Nxe5 16. Nxe5 Bxe5 17. Rac1 Re8 18. Rd2 Bc6 19. Bxb6 axb6 20. Qxc4 Qe6 21.
Qxe6 Rxe6 22. a3 Rd6 23. Rxd6 Bxd6 24. f4 f6 25. Rd1 Kf8 26. Kf2 b5 27. Nd5 Be8
28. Kf1 Ra4 29. Bf3 Ra8 30. Kg2 Rd8 31. Ne3 Be7 32. Nd5 Bd6 33. Ne3 Be7 1/2-1/2

[Event "St Louis Summer A"]
[Site "Saint Louis USA"]
[Date "2018.05.17"]
[Round "3.3"]
[White "Jumabayev, Rinat"]
[Black "Akobian, Varuzhan"]
[Result "0-1"]
[WhiteTitle "GM"]
[BlackTitle "GM"]
[WhiteElo "2621"]
[BlackElo "2647"]
[WhiteFideId "13702661"]
[BlackFideId "13300580"]
[EventDate "2018.05.15"]

1. Nf3 Nf6 2. g3 d5 3. Bg2 c6 4. c4 Bf5 5. O-O e6 6. cxd5 cxd5 7. Qb3 Qb6 8.
Qxb6 axb6 9. d3 Nc6 10. Nc3 Bg4 11. Bd2 Bc5 12. h3 Bxf3 13. Bxf3 Ke7 14. Rfc1
Ra6 15. Nb5 Kd7 16. e3 Rc8 17. a3 Raa8 18. Kg2 Be7 19. g4 h6 20. Bd1 Ne8 21. Nc3
Nd6 22. f4 Bf6 23. Rab1 g5 24. Ne2 b5 25. Bb3 Na5 26. Rxc8 Nxc8 27. Bc2 Nd6 28.
Ng1 Nc6 29. Nf3 Ke7 30. h4 gxf4 31. exf4 h5 32. g5 Bg7 33. Bd1 Nf5 34. Kh3 Rh8
35. a4 b4 36. a5 Ra8 37. Ne1 Bd4 38. Ng2 Ng7 39. Ba4 Bc5 40. Rc1 Kd6 41. Bxc6
bxc6 42. Ne1 Nf5 43. Nf3 Ra7 44. Ne5 Rc7 45. a6 Ra7 46. Ra1 b3 47. Rc1 Rxa6 48.
Nxf7+ Ke7 49. Ne5 Kd6 50. g6 Bd4 51. Bb4+ c5 52. Nf7+ Kc6 53. Ba3 Kb5 54. Re1
Rxa3 55. bxa3 b2 56. Ng5 Ka4 57. Nf3 Bc3 0-1

[Event "St Louis Summer A"]
[Site "Saint Louis USA"]
[Date "2018.05.17"]
[Round "3.4"]
[White "Xiong, Jeffery"]
[Black "Durarbayli, Vasif"]
[Result "0-1"]
[WhiteTitle "GM"]
[BlackTitle "GM"]
[WhiteElo "2665"]
[BlackElo "2618"]
[WhiteFideId "2047640"]
[BlackFideId "13402935"]
[EventDate "2018.05.15"]

1. d4 Nf6 2. c4 g6 3. Nc3 d5 4. Bg5 Bg7 5. Bxf6 Bxf6 6. cxd5 c6 7. e4 O-O 8. e5
Bg7 9. Bc4 b5 10. Be2 b4 11. Na4 cxd5 12. Nf3 Bg4 13. O-O Qa5 14. b3 Bxf3 15.
Bxf3 e6 16. Qd2 Nd7 17. a3 Rfb8 18. Rfc1 Bf8 19. Bd1 Rc8 20. Be2 Rab8 21. g3 Qd8
22. axb4 Bxb4 23. Qe3 Be7 24. h4 h5 25. Ba6 Rxc1+ 26. Rxc1 Qa5 27. Qd3 Kg7 28.
Kg2 Rb4 29. Bc8 Qd8 30. Ba6 Nb8 31. Bb5 Bxh4 32. gxh4 Qxh4 33. Rd1 Qg4+ 34. Kh2
Rxb5 35. Qxb5 Qxd1 36. Qxb8 Qxd4 37. Kg1 h4 38. Qb5 Qxe5 39. Qd3 d4 40. Nb2 Qg5+
41. Kh2 Qf4+ 42. Kg2 e5 43. Nc4 f5 44. Nd6 Kh6 45. Nf7+ Kh5 46. Qe2+ Qg4+ 47.
Qxg4+ fxg4 48. Nxe5 Kg5 49. f3 g3 50. Nd3 Kf5 51. Kh3 g5 52. Kg2 g4 53. fxg4+
Kxg4 54. Ne5+ Kf4 55. Ng6+ Ke4 56. Nxh4 d3 57. Nf3 a5 58. Nd2+ Ke3 59. Nf1+ Ke2 0-1

[Event "St Louis Summer A"]
[Site "Saint Louis USA"]
[Date "2018.05.17"]
[Round "3.5"]
[White "Indjic, Aleksandar"]
[Black "Prohaszka, Peter2"]
[Result "1/2-1/2"]
[WhiteTitle "GM"]
[BlackTitle "GM"]
[WhiteElo "2600"]
[BlackElo "2613"]
[WhiteFideId "911925"]
[BlackFideId "726265"]
[EventDate "2018.05.15"]

1. c4 e6 2. Nc3 d5 3. d4 Nf6 4. Bg5 Be7 5. e3 O-O 6. Nf3 h6 7. Bh4 Ne4 8. Bxe7
Qxe7 9. Rc1 c6 10. h4 Nd7 11. g4 Nxc3 12. bxc3 g6 13. g5 h5 14. cxd5 exd5 15.
Bg2 Nb6 16. Ne5 Bf5 17. Bh3 Bxh3 18. Rxh3 Nc4 19. Nxc4 dxc4 20. Qe2 c5 21. Rf3
b5 22. Rf6 cxd4 23. cxd4 Rac8 24. Kf1 b4 25. e4 b3 26. Rb1 bxa2 27. Ra1 Qa3 28.
Kg2 Qc3 29. Rxa2 Qxd4 30. Rd2 Qe5 31. f4 Qe7 32. f5 c3 33. Rc2 gxf5 34. Qxh5
Qxe4+ 35. Kf1 Qh1+ 36. Kf2 Qh2+ 37. Kf1 Qh1+ 38. Kf2 Qh2+ 39. Kf1 Qf4+ 40. Rf2
Qc4+ 41. Re2 Qf4+ 42. Rf2 Qc4+ 43. Re2 Qf4+ 44. Rf2 Qc4+ 45. Re2 Qf4+ 1/2-1/2

[Event "St Louis Summer A"]
[Site "Saint Louis USA"]
[Date "2018.05.18"]
[Round "4.1"]
[White "Bok, Benjamin"]
[Black "Akobian, Varuzhan"]
[Result "1/2-1/2"]
[WhiteTitle "GM"]
[BlackTitle "GM"]
[WhiteElo "2636"]
[BlackElo "2647"]
[WhiteFideId "1017063"]
[BlackFideId "13300580"]
[EventDate "2018.05.15"]

1. e4 e5 2. Nf3 Nf6 3. Nxe5 d6 4. Nf3 Nxe4 5. Nc3 Nxc3 6. dxc3 Be7 7. Be3 Nc6 8.
Qd2 Be6 9. O-O-O Qd7 10. a3 h6 11. Be2 a6 12. Nd4 Nxd4 13. Bxd4 Rg8 14. c4 c5
15. Be3 Qa4 16. Bf3 Qxc4 17. Bxb7 Rb8 18. Bd5 Qb5 19. b3 c4 20. b4 a5 21. c3 Qa4
22. Qb2 Kd7 23. Be4 Rgd8 24. Kd2 Bf6 25. Ke2 Qb5 26. f3 Ke7 27. Bd4 Qg5 28. Kf2
Bxd4+ 29. Rxd4 d5 30. Bc2 Kf8 31. Re1 Re8 32. Qc1 Qf6 33. Qd2 axb4 34. axb4 Ra8
35. Bb1 Ra3 36. Qe3 Kg8 37. Qc1 Rea8 38. Re2 Rb3 39. Ra2 Re8 40. Bc2 Rxc3 41.
Bh7+ Kxh7 42. Qxc3 Bf5 43. Re2 Rb8 44. Rb2 Rb5 45. Rbd2 Qb6 46. Rb2 Bd3 47. g3
Kg8 48. Kg2 Bf5 49. Qd2 Be6 50. Qc3 Qa7 51. Rd1 Qa4 52. Re1 Qa7 53. Rd1 Qd7 54.
Ra2 Qb7 55. Rb2 h5 56. Rdd2 Qe7 57. Rd1 h4 58. g4 Qc7 59. Ra2 h3+ 60. Kg1 Qb6+
61. Kh1 Rxb4 62. Ra8+ Kh7 63. Qe5 f5 64. Qe1 Kg6 65. Rb8 Qxb8 66. Qxe6+ Kh7 67.
Qxf5+ g6 68. Qf7+ Kh8 69. Qf6+ Kh7 70. Qf7+ Kh8 71. Qf6+ Kh7 72. Qf7+ 1/2-1/2

[Event "St Louis Summer A"]
[Site "Saint Louis USA"]
[Date "2018.05.18"]
[Round "4.2"]
[White "Prohaszka, Peter2"]
[Black "Xiong, Jeffery"]
[Result "1/2-1/2"]
[WhiteTitle "GM"]
[BlackTitle "GM"]
[WhiteElo "2613"]
[BlackElo "2665"]
[WhiteFideId "726265"]
[BlackFideId "2047640"]
[EventDate "2018.05.15"]

1. d4 d5 2. c4 dxc4 3. e3 Nf6 4. Nf3 e6 5. Bxc4 a6 6. O-O c5 7. dxc5 Qxd1 8.
Rxd1 Bxc5 9. Nbd2 Nbd7 10. Be2 b6 11. a3 Bb7 12. b4 Be7 13. Bb2 O-O 14. Nc4 b5
15. Na5 Bd5 16. Nd4 Rac8 17. Rac1 Nb8 18. f3 Ba8 19. e4 Nfd7 20. Ndb3 Bg5 21.
Rxc8 Be3+ 22. Kf1 Rxc8 23. Bd4 Bxd4 24. Nxd4 Kf8 25. Ke1 g6 26. Kd2 Ke7 27. Ndb3
e5 28. Bd3 Nc6 29. Rc1 Kd8 30. Nxc6+ Rxc6 31. Rxc6 Bxc6 32. Na5 Kc7 33. Bb1 Nb6
34. Ba2 Be8 35. h4 h6 36. Bb3 g5 37. hxg5 hxg5 38. Ke3 f6 39. g3 Bd7 40. f4
gxf4+ 41. gxf4 Nc8 42. fxe5 fxe5 43. Kf3 Nd6 44. Bd5 Kb6 45. Ke3 Be8 46. Nb3 Bc6
47. Nc5 a5 48. Ba2 1/2-1/2

[Event "St Louis Summer A"]
[Site "Saint Louis USA"]
[Date "2018.05.18"]
[Round "4.3"]
[White "Durarbayli, Vasif"]
[Black "Jumabayev, Rinat"]
[Result "1-0"]
[WhiteTitle "GM"]
[BlackTitle "GM"]
[WhiteElo "2618"]
[BlackElo "2621"]
[WhiteFideId "13402935"]
[BlackFideId "13702661"]
[EventDate "2018.05.15"]

1. e4 e6 2. d4 d5 3. e5 c5 4. c3 Nc6 5. Nf3 Qb6 6. Be2 cxd4 7. cxd4 Nh6 8. Bxh6
Qxb2 9. Nc3 Qxc3+ 10. Bd2 Qa3 11. O-O a6 12. Qc2 h6 13. Rab1 Qe7 14. Rb6 Qc7 15.
Rfb1 Be7 16. Bd1 a5 17. R6b3 O-O 18. Bf4 Rd8 19. Qd3 Bf8 20. Bc2 g6 21. Qd2 Kh7
22. h4 Nb4 23. Bd1 b5 24. a3 Nc6 25. h5 b4 26. a4 Bd7 27. hxg6+ fxg6 28. Nh2 h5
29. Rh3 Be8 30. Ng4 Bg7 31. Bg5 Qa7 32. Nf6+ Bxf6 33. Bxf6 Nxd4 34. Qg5 Rdc8 35.
g4 Rc3 36. Rh2 Rg3+ 37. Kh1 Nf5 38. fxg3 Nxg3+ 39. Kg2 Ne4 40. Qf4 Rc8 41. Kh1
g5 42. Bxg5 Bg6 43. Bh4 Rc3 44. gxh5 Ng3+ 45. Bxg3 Bxb1 46. Rf2 b3 47. Kh2 Be4
48. Bg4 Rc2 49. Bxe6 b2 50. Bf5+ Kg8 51. Bxe4 1-0

[Event "St Louis Summer A"]
[Site "Saint Louis USA"]
[Date "2018.05.18"]
[Round "4.4"]
[White "Zherebukh, Yaroslav"]
[Black "Indjic, Aleksandar"]
[Result "1/2-1/2"]
[WhiteTitle "GM"]
[BlackTitle "GM"]
[WhiteElo "2633"]
[BlackElo "2600"]
[WhiteFideId "14116804"]
[BlackFideId "911925"]
[EventDate "2018.05.15"]

1. Nf3 Nf6 2. g3 b6 3. Bg2 Bb7 4. O-O c5 5. d3 g6 6. e4 d6 7. Re1 Bg7 8. Nbd2
Nbd7 9. a4 O-O 10. Nc4 Qc7 11. Bd2 Rfe8 12. Qc1 a6 13. Bh6 b5 14. Bxg7 Kxg7 15.
Ne3 c4 16. axb5 axb5 17. Qd2 Rxa1 18. Rxa1 cxd3 19. cxd3 Rc8 20. Qb4 Qc5 21.
Qxc5 Nxc5 22. Bf1 b4 23. Ra7 Ra8 24. Rxa8 Bxa8 25. Nd2 Nfd7 26. f3 d5 27. b3
dxe4 28. dxe4 Ne5 29. Kf2 Nc6 30. Nc2 Na5 31. Nxb4 1/2-1/2

[Event "St Louis Summer A"]
[Site "Saint Louis USA"]
[Date "2018.05.18"]
[Round "4.5"]
[White "Sevian, Samuel"]
[Black "Fridman, Daniel"]
[Result "1/2-1/2"]
[WhiteTitle "GM"]
[BlackTitle "GM"]
[WhiteElo "2613"]
[BlackElo "2636"]
[WhiteFideId "2040506"]
[BlackFideId "11600454"]
[EventDate "2018.05.15"]

1. d4 d5 2. c4 e6 3. Nf3 Nf6 4. g3 dxc4 5. Bg2 c5 6. O-O Nc6 7. dxc5 Qxd1 8.
Rxd1 Bxc5 9. Nbd2 c3 10. bxc3 O-O 11. Nb3 Be7 12. c4 Bd7 13. Bb2 Rfd8 14. Nfd4
Rac8 15. Nb5 b6 16. Nd6 Bxd6 17. Rxd6 Be8 18. Rxd8 Nxd8 19. Rc1 Bc6 20. f3 Ba4
21. Ba3 Nb7 22. Kf2 Nd7 23. h3 Ndc5 24. f4 Bc6 25. Nxc5 Bxg2 26. Nxb7 Bxb7 27.
Rd1 Bc6 28. Be7 f6 29. Rd8+ Rxd8 30. Bxd8 Kf7 1/2-1/2

[Event "St Louis Summer A"]
[Site "Saint Louis USA"]
[Date "2018.05.19"]
[Round "5.1"]
[White "Fridman, Daniel"]
[Black "Bok, Benjamin"]
[Result "0-1"]
[WhiteTitle "GM"]
[BlackTitle "GM"]
[WhiteElo "2636"]
[BlackElo "2636"]
[WhiteFideId "11600454"]
[BlackFideId "1017063"]
[EventDate "2018.05.15"]

1. d4 Nf6 2. c4 g6 3. Nc3 d5 4. Nf3 Bg7 5. e3 O-O 6. Bd2 e6 7. Be2 dxc4 8. Bxc4
Nbd7 9. b4 b6 10. b5 a6 11. a4 Bb7 12. Rc1 axb5 13. axb5 Qe7 14. O-O e5 15. Na2
Ne4 16. Bb4 Nd6 17. Nc3 exd4 18. exd4 Bxf3 19. Qxf3 Bxd4 20. Nd5 Qg5 21. Nxc7
Ne5 22. Qd1 Ndxc4 23. Rxc4 Rfd8 24. Qc1 Nf3+ 25. Kh1 Ra1 26. Qxa1 Bxa1 27. gxf3
Be5 28. Bc3 Bf4 29. h3 Bxc7 30. Rxc7 Qf4 31. Rc6 Qxf3+ 32. Kh2 f5 33. Be5 Qe2 0-1